[Event "Toronto Malcolm Memorial Sim-2"]
[Site "Toronto"]
[Date "2002.04.10"]
[Round "8"]
[White "Verma, Rajan"]
[Black "Haziprodromu, Sam"]
[Result "0-1"]
[WhiteElo "1900"]
[BlackElo "1975"]
[PlyCount "34"]
[EventDate "2002.02.13"]
[EventType "tourn"]
[EventRounds "9"]
[EventCountry "CAN"]
[SourceTitle "EXT 2022"]
[Source "ChessBase"]
[SourceDate "2021.10.06"]
[SourceVersion "1"]
[SourceVersionDate "2021.10.06"]
[SourceQuality "1"]

1. Nf3 Nf6 2. g3 g6 3. Bg2 Bg7 4. 0-0 0-0 5. d4 d6 6. c4 Nbd7 7. Nc3 a5 8. e4 e5 9. Re1 exd4 10. Nxd4 Re8 11. f4 Nc5 12. f5 Nfd7 13. Be3 Ne5 14. b3 c6 15. Qd2 Ng4 16. Bf4 Qb6 17. h3 Nxb3 0-1